Southville International School and Colleges
Your cart is empty.
  • Cart
  • Lists
    Public lists Eva Luna New books Lux_list list_1
    Your lists Log in to create your own lists
  • Log in to your account
  • Your cookies
  • Search history
Southville International School and Colleges
  • Advanced search
  • Recent comments
  • Most popular
  • Libraries

Log in to your account

Log in with GOOGLE


If you do not have an external account, but do have a local account, you can still log in:

  1. Home
  2. MARC view: Global business practices :
Normal view MARC view ISBD view

Global business practices : (Record no. 2197)

[ view plain ]
MARC details
000 -LEADER
fixed length control field 01723cam a22003854a 4500
001 - CONTROL NUMBER
control field 14373007
003 - CONTROL NUMBER IDENTIFIER
control field OSt
005 - DATE AND TIME OF LATEST TRANSACTION
control field 20140310181726.0
008 - FIXED-LENGTH DATA ELEMENTS--GENERAL INFORMATION
fixed length control field 060511s2006 ohua b 001 0 eng
010 ## - LIBRARY OF CONGRESS CONTROL NUMBER
LC control number 2006014874
020 ## - INTERNATIONAL STANDARD BOOK NUMBER
International Standard Book Number 0324233094
035 ## - SYSTEM CONTROL NUMBER
System control number (OCoLC)ocm68786705
035 ## - SYSTEM CONTROL NUMBER
System control number (OCoLC)68786705
040 ## - CATALOGING SOURCE
Original cataloging agency DLC
Transcribing agency DLC
Modifying agency YDX
-- BAKER
-- YDXCP
-- DLC
042 ## - AUTHENTICATION CODE
Authentication code pcc
050 00 - LIBRARY OF CONGRESS CALL NUMBER
Classification number HD58.7
Item number .Sch3477 2006
082 00 - DEWEY DECIMAL CLASSIFICATION NUMBER
Classification number IB 658.049
-- Sch8 2006
100 1# - MAIN ENTRY--PERSONAL NAME
Personal name Schuster, Camille Passler,
Dates associated with a name 1950-
245 10 - TITLE STATEMENT
Title Global business practices :
Remainder of title adapting for success /
Statement of responsibility, etc Camille P. Schuster and Michael J. Copeland.
260 ## - PUBLICATION, DISTRIBUTION, ETC. (IMPRINT)
Place of publication, distribution, etc Mason, Ohio :
Name of publisher, distributor, etc Thomson,
Date of publication, distribution, etc c2006.
300 ## - PHYSICAL DESCRIPTION
Extent 248 p. :
Other physical details ill. ;
Dimensions 24 cm.
504 ## - BIBLIOGRAPHY, ETC. NOTE
Bibliography, etc Includes bibliographical references (p. 218-235) and index.
505 0# - FORMATTED CONTENTS NOTE
Formatted contents note Understanding global dynamics -- Framework for adaptation -- Northwest and Central Europe -- North America, Australia, and New Zealand -- Mediterranean Europe -- Eastern Europe and Russia -- Central and South America -- India -- China and overseas Chinese -- Japan and South Korea -- Middle East -- Africa -- What is adaptation?
521 ## - TARGET AUDIENCE NOTE
Target audience note
541 ## - IMMEDIATE SOURCE OF ACQUISITION NOTE
-- 1
562 ## - COPY AND VERSION IDENTIFICATION NOTE
Number of copies for circulation. 1 copy available in the collection
650 #0 - SUBJECT ADDED ENTRY--TOPICAL TERM
Topical term or geographic name as entry element Corporate culture.
650 #0 - SUBJECT ADDED ENTRY--TOPICAL TERM
Topical term or geographic name as entry element Intercultural communication.
650 #0 - SUBJECT ADDED ENTRY--TOPICAL TERM
Topical term or geographic name as entry element International business enterprises.
700 1# - ADDED ENTRY--PERSONAL NAME
Personal name Copeland, Michael J.
856 41 - ELECTRONIC LOCATION AND ACCESS
Materials specified Table of contents only
Uniform Resource Identifier <a href="http://www.loc.gov/catdir/toc/fy0708/2006014874.html">http://www.loc.gov/catdir/toc/fy0708/2006014874.html</a>
906 ## - LOCAL DATA ELEMENT F, LDF (RLIN)
a 7
b cbc
c orignew
d 1
e ecip
f 20
g y-gencatlg
942 ## - ADDED ENTRY ELEMENTS (KOHA)
Source of classification or shelving scheme Library of Congress Classification
Koha item type
Call number prefix
Holdings
Withdrawn status Lost status Source of classification or shelving scheme Damaged status Home library Current library Shelving location Date acquired Total Checkouts Full call number Barcode Date last seen Copy number Price effective from Koha item type
    Library of Congress Classification   Luxembourg Library Luxembourg Library International Baccalaureate Section 03/08/2013   HD 58.7 .Sch3477 2006 15825 08/13/2013 1 03/08/2013 Books

Global business practices :

APA

Schuster C. P., Copeland M. J., . (2006). Global business practices. Mason, Ohio: Thomson.

Chicago

Schuster Camille Passler, Copeland Michael J, . 2006. Global business practices. Mason, Ohio: Thomson.

Harvard

Schuster C. P., Copeland M. J., . (2006). Global business practices. Mason, Ohio: Thomson.

MLA

Schuster Camille Passler, Copeland Michael J, . Global business practices. Mason, Ohio: Thomson. 2006.

  • Place hold
  • Print
  • Cite
  • Add to your cart (remove)
  • Save record
    BIBTEX Dublin Core MARCXML MARC (non-Unicode/MARC-8) MARC (Unicode/UTF-8) MARC (Unicode/UTF-8, Standard) MODS (XML) RIS
  • More searches
    Search for this title in:
    Other Libraries (WorldCat) Other Databases (Google Scholar) Online Stores (Bookfinder.com) Open Library (openlibrary.org)

Exporting to Dublin Core...

SOUTHVILLE LIBRARY

Southville International School and Colleges Library

1281 Tropical Ave. Cor. Luxembourg St., BF Homes International, Las Pinas City

Tel. No. 8256374 / 252358 Loc. 117/146

Powered by Koha